Drought-tolerant crops for southern Africa (Record no. 25656)

MARC details
000 -LEADER
fixed length control field 00601 a2200217 4500
100 ## - VEDETTE PRINCIPALE - NOM DE PERSONNE
Personal name LEUSCHNER, K.%MANTHE, C.S.
130 ## - VEDETTE PRINCIPALE - TITRE UNIFORME
Language of a work En
260 ## - PUBLICATION, DISTRIBUTION, ETC. (IMPRINT)
Place of publication, distribution, etc Patancheru
260 ## - PUBLICATION, DISTRIBUTION, ETC. (IMPRINT)
Name of publisher, distributor, etc ICRISAT
245 ## - TITLE STATEMENT
Title Drought-tolerant crops for southern Africa
260 ## - PUBLICATION, DISTRIBUTION, ETC. (IMPRINT)
Date of publication, distribution, etc 1996
300 ## - PHYSICAL DESCRIPTION
Extent xiii-358 p.
300 ## - PHYSICAL DESCRIPTION
Other physical details Couv. ill. en coul., ill.
650 ## - SUBJECT ADDED ENTRY--TOPICAL TERM
Topical term or geographic name as entry element Culture%Système de culture
651 ## - SUBJECT ADDED ENTRY--GEOGRAPHIC NAME
Geographic name Afrique du Sud%Botswana
711 ## - ADDED ENTRY--MEETING NAME
Date of meeting 25-29 july 1994
711 ## - ADDED ENTRY--MEETING NAME
Location of meeting Gaborone, Botswana
711 ## - ADDED ENTRY--MEETING NAME
Meeting name or jurisdiction name as entry element Proceedings of the SADC/ICRISAT regional sorghum and pearl millet workshop
Holdings
Withdrawn status Lost status Damaged status Not for loan Location (home branch) Sublocation or collection (holding branch) Date acquired Koha issues (times borrowed) Koha full call number Koha date last seen Copy number Price effective from Koha item type Public note
        Bibliothèque-Centre de Documentation de la Faculté des Sciences Agronomiques Bibliothèque-Centre de Documentation de la Faculté des Sciences Agronomiques     NSA.1996.004 28/02/2009 1 28/02/2009 Livre A.6659


© 2008, Bibliothèques de l'Université d'Abomey-Calavi

04 BP 789 Cotonou, Tél. : +229 21 36 01 01, Fax : +229 21 35 06 32

Courriel : bu@bu.uac.bj